000 00803nam a2200241Ia 4500
003 OSt
005 20220923222203.0
006 a|||||r|||| 00| 0
007 ta
008 220922b |||||||| |||| 00| 0 hin d
024 _a203,659
037 _cTextual
040 _aARTS
_cARTS
_bhin
041 _2hin
_ahin
082 _aO157,3NDA,1, 152N0
100 _aडे, शैलेश; खरे, ममता, अनु.
_9166264
245 0 _aइन्कलाबःजिन्दाबाद
246 _aInkalābahjindābāda
260 _aइलाहाबाद
_b अतुल प्रका0
_c1990
300 _a119पृ.
_ccm.
942 _hO157,3NDA,1, 152N0
_cTEXL
_2CC
999 _c354411
_d354411